|
|
|
|
| LEADER |
00000cac a2200000 a 4500 |
| 003 |
Ucuenca |
| 005 |
20230509123151.0 |
| 008 |
000000|1962 ||||||||r|||||||||||spa|| |
| 040 |
|
|
|b spa
|
| 041 |
1 |
|
|a spa
|
| 082 |
0 |
|
|a 398.05
|
| 245 |
|
|
|a Vestidos, adornos, dibujo facial y tatuaje de los indios Cayapas
|c Antonio Santiana y María Angélica Carluci
|h imp
|
| 264 |
|
|
|a Deutschland
|b Internationale Zeitschrift für völker
|c 1962
|
| 300 |
|
|
|a 660-669 páginas:
|b ilu
|c 27 cm
|
| 362 |
|
|
|a Vol. 57 (1962)
|
| 490 |
|
|
|a Antropos
|n no. 57
|
| 504 |
|
|
|a incl. ref.
|
| 650 |
|
|
|a Indios cayapas
|9 20639
|
| 650 |
|
|
|a Vestimenta de los cayapas
|9 175470
|
| 650 |
|
|
|a Folklore cayapas
|9 175471
|
| 700 |
1 |
|
|a Carluci, María Angélica
|9 175472
|
| 700 |
1 |
|
|a Santiana, Antonio.
|d 1910-1966
|9 11390
|
| 852 |
|
|
|a UC-CDJBV
|f Donación
|l 1
|m General
|p 00000000
|r 2
|b 0
|d CDRC
|e CDRC
|g 398 ESTANTERIA CERRADA
|z 0000-00-00
|
| 942 |
|
|
|c SERA
|
| 999 |
|
|
|c 94670
|d 94670
|